Ahsenal Hadees (Record no. 7343)
[ view plain ]
| 000 -LEADER | |
|---|---|
| fixed length control field | 00329 a2200133 4500 |
| 040 ## - CATALOGING SOURCE | |
| Original cataloging agency | DLC |
| Language of cataloging | DLC |
| 082 ## - DEWEY DECIMAL CLASSIFICATION NUMBER | |
| Classification number | 297.1225 |
| 100 ## - MAIN ENTRY--PERSONAL NAME | |
| Personal name | Talib Johri |
| 245 ## - TITLE STATEMENT | |
| Title | Ahsenal Hadees |
| Statement of responsibility, etc. | Talib Johri |
| Medium | [Urdu] |
| 260 ## - PUBLICATION, DISTRIBUTION, ETC. | |
| Place of publication, distribution, etc. | Lahore: |
| Name of publisher, distributor, etc. | Nisar Art Press, |
| Date of publication, distribution, etc. | 1996. |
| 300 ## - PHYSICAL DESCRIPTION | |
| Extent | 387 p. ; |
| Dimensions | 25 cm. |
| 650 ## - SUBJECT ADDED ENTRY--TOPICAL TERM | |
| Topical term or geographic name entry element | Hadith. |
| 942 ## - ADDED ENTRY ELEMENTS (KOHA) | |
| Koha item type | Book |
| Call number prefix | 297.1225 TAL |
| Source of classification or shelving scheme | |
| Withdrawn status | Lost status | Damaged status | Not for loan | Collection code | Permanent Location | Current Location | Shelving location | Date acquired | Source of acquisition | Cost, normal purchase price | Full call number | Barcode | Date last seen | Price effective from | Koha item type | Source of classification or shelving scheme | Total Checkouts | Serial Enumeration / chronology |
|---|---|---|---|---|---|---|---|---|---|---|---|---|---|---|---|---|---|---|
| Central Library (CL) | Central Library (CL) | General Stacks | 05/05/2005 | Allied Book Company | 300.00 | 297.1225 TAL | SEECS005650 | 11/14/2012 | 01/05/2017 | Reference | ||||||||
| Central Library (CL) | Central Library (CL) | First Floor - Islam | 02/15/2023 | 297.1225 TAL | SEECS005651 | 02/15/2023 | 02/15/2023 | Book | ||||||||||
| NUST Law School (NLS) | NUST Law School (NLS) | First Floor - Islam | 02/15/2023 | 297.1225 TAL | SEECS005199 | 02/15/2023 | 02/15/2023 | Book | Volume-1 |
